000 00319nam a2200133Ia 4500
005 20260326235441.0
008 260326s9999||||xx |||||||||||||| ||und||
100 _aPapadaki, Stamo
245 0 _aOscar Niemeyer /
_cStamo Papadaki
260 _bGeorge Brazilier
300 _a127 p.
650 _aARQUITECTOS
942 _cBK
999 _c7418
_d7418